|
|
|
|
| LEADER |
00000njm a2200000 a 4500 |
| 001 |
vtls010659521 |
| 003 |
SK-MaSNL |
| 005 |
20260301090945.0 |
| 007 |
sd fungnnmmned |
| 008 |
160430p2014 xo ccnn n slo |
| 015 |
|
|
|a SNBJ2016
|
| 028 |
0 |
1 |
|a 91 0171-2
|b Opus
|
| 040 |
|
|
|a SNK
|b slo
|c SNK
|e AACR2
|
| 041 |
0 |
|
|d slo
|
| 044 |
|
|
|a xo
|c SK
|
| 072 |
|
7 |
|a 784
|x Vokálna hudba
|2 konspekt
|
| 072 |
|
7 |
|a 398
|x Folklór. Ľudové tradície
|2 konspekt
|
| 080 |
|
|
|a 398.332.416
|2 2011
|
| 080 |
|
|
|a 78.031.4.088
|2 2011
|
| 080 |
|
|
|a 821.162.4-1
|2 2011
|
| 080 |
|
|
|a 784.68
|2 2011
|
| 080 |
|
|
|a 783.65
|2 2011
|
| 080 |
|
|
|a 783.28
|2 2011
|
| 080 |
|
|
|a 784.4(=162.4)
|2 2011
|
| 080 |
|
|
|a (086.76)
|2 2011
|
| 245 |
0 |
0 |
|a Slovenské Vianoce
|h zvukový záznam
|b Pastierske Vianoce ; Vstávajte, pastieri
|
| 260 |
|
|
|a Banská Bystrica
|b Opus
|c p2014
|
| 300 |
|
|
|a 2 zvukové platne
|b digitál.
|c 12 cm
|
| 490 |
1 |
|
|a Opus 100 - Sto základných albumov a interpretov
|v 71
|
| 500 |
|
|
|a Kompaktné platne
|
| 500 |
|
|
|a Názov z obalu
|
| 500 |
|
|
|a CD1. Cyklus orchestrálnych skladieb na melódie zo zbierky Andreja Kmeťa upravil Svetozár Stračina
|
| 505 |
0 |
0 |
|g CD1.
|t Pastierske Vianoce
|g pásmo hudby a poézie --
|g CD2.
|t Vianočné pastierske signály, koledovačky a vinše z Púchovskej doliny --
|t Stavajce, pastieri --
|t Koledníci a betlehemci z Terchovej --
|t Štedrovečerné koledy pod oblokmi z Liptovských Sliačov --
|t Vianočné piesne a vinše zo Selca --
|t Vianočné hry, vinše a piesne z Oľšova --
|t Vlachovská gubajka --
|t Chodenie po "špivankoch" - vianočné koledy a vinše z Raslavíc
|
| 511 |
0 |
|
|a CD1. Július Pántik, Gustáv Valach, Ivan Rajniak, Martin Ťapák, Darina Laščiaková. Veľký ľudový orchester diriguje Miroslav Šmíd ; CD2. rôzni interpreti
|
| 650 |
0 |
7 |
|a Vianoce
|2 SNKPH
|9 3412
|
| 650 |
0 |
7 |
|a slovenská poézia
|2 SNKPH
|9 215422
|
| 650 |
0 |
7 |
|a ľudová hudba, úpravy
|2 SNKPH
|9 419534
|
| 650 |
0 |
7 |
|a vianočné piesne
|2 SNKPH
|9 67789
|
| 650 |
0 |
7 |
|a vianočné koledy
|2 SNKPH
|9 78348
|
| 650 |
0 |
7 |
|a slovenské ľudové piesne
|2 SNKPH
|9 3454
|
| 655 |
|
7 |
|a kompaktné platne
|2 SNKPH
|9 70690
|
| 700 |
1 |
|
|a Stračina, Svetozár,
|d 1940-1996
|4 adp
|9 131322
|
| 700 |
1 |
|
|a Pántik, Július,
|d 1922-2002
|4 prf
|9 102362
|
| 700 |
1 |
|
|a Valach, Gustáv,
|d 1921-2002
|4 prf
|9 102448
|
| 700 |
1 |
|
|a Rajniak, Ivan,
|d 1931-1999
|4 prf
|9 101896
|
| 700 |
1 |
|
|a Ťapák, Martin,
|d 1926-2015
|4 prf
|9 101886
|
| 700 |
1 |
|
|a Šmíd, Miroslav,
|d 1932-2006
|4 cnd
|9 23019
|
| 700 |
1 |
|
|a Laščiaková, Darina,
|d 1931-
|4 prf
|9 215024
|
| 740 |
0 |
2 |
|a Pastierske Vianoce
|
| 740 |
0 |
2 |
|a Vstávajte, pastieri
|
| 830 |
|
0 |
|a Opus 100 - Sto základných albumov a interpretov
|9 329431
|
| 999 |
|
|
|c 669697
|d 671627
|
| 952 |
|
|
|a SNK
|b SNK
|y PREZ
|7 0
|p 17A1140400
|o snkSCD 3451/1-2
|i snk2015/8245
|8 0
|3 1. CD
|z 1. CD
|0 0
|1 0
|4 0
|d 2015-03-10
|l 0
|r 2026-02-23 19:22:53
|w 2026-02-23
|
| 952 |
|
|
|a SNK
|b SNK
|y PREZ
|7 0
|p 17A1140399
|o snkSCD 3451/1-2
|i snk2015/8245
|8 0
|3 2. CD
|z 2. CD
|0 0
|1 0
|4 0
|d 2015-03-10
|l 0
|r 2026-02-23 19:22:53
|w 2026-02-23
|